000 01333cam a22003617a 4500
003 CHAP
005 20220329142843.0
008 040827d2003 mx r 00110 spa d
010 _a88746
011 _a89718
020 _a9688849510
035 _a100269
040 _cCHAP
082 0 4 _a972
_bC4
100 0 0 _aChávez Arellano, María Eugenia.
_922663
245 1 0 _aIdentidad y cambios culturales :
_blos Mazahuas de San Antonio, Pueblo Nuevo
_c/por María Eugenia Chávez Arellano
260 _aChapingo, Méx. :
_bUACH.,
_c(2003).
300 _a221 p. ;
_bmapas
590 _aBATCH-UPD
_b10
_c20130110
_lUCH01
_h0905
590 _aBATCH-UPD
_b10
_c20130409
_lUCH01
_h2257
590 _aBATCH-UPD
_b10
_c20130914
_lUCH01
_h0926
590 _aCONVERSION
_b10
_c20130109
_lUCH01
_h1349
650 1 4 _aIndios de México
_xCultura.
_957627
650 1 4 _aMazahuas.
_973307
901 _aBK
905 _aAlejandra Carrasco M.
942 _cLIBRO
949 _a972 C4
_bBC
_cLIBRO
_d33724000797585
_eLIBRO
_h42528
_i100269
_sb
949 _a972 C4
_bBC
_cLIBRO
_d33724000797593
_eLIBRO
_fc.2
_h42529
_i100269
_si
949 _a972 C4
_bBC
_cLIBRO
_d33724000797726
_eLIBRO
_fc.3
_h42530
_i100269
_si
949 _a972 C4
_bBC
_cLIBRO
_d33724000798500
_eLIBRO
_fc.5
_h105305
_i100269
_sb
949 _a972 C4
_bBC
_cUACH
_d33724000797809
_eUACH
_fc.4
_h42531
_i100269
_sb
999 _c88746
_d88746